E-marketing - nástroj efektívnej marketingovej komunikácie a propagácie služieb

E-marketing, jeho charakteristika. Výhody a nevýhody e-marketingu pre poskytovateľa aj spotrebiteľa. Využívanie prvkov e-marketingu ako komplementárneho nástroja propagácie a marketingovej komunikácie služieb v klasických (nevirtuálnych) kampaniach, ako aj povýšenie e-marketingu na dominantnú formu...

Ausführliche Beschreibung

Gespeichert in:
Bibliographische Detailangaben
1. Verfasser: Olexová, Romana, 1987-
Format: Buchkapitel
Sprache:Slowakisch
Schlagworte:
Tags: Tag hinzufügen
Keine Tags, Fügen Sie das erste Tag hinzu!

MARC

LEADER 00000nla$a2200000$$$4500
001 0146211
005 20240502072634.6
041 0 |a slo 
044 |a SK 
245 1 0 |a E-marketing - nástroj efektívnej marketingovej komunikácie a propagácie služieb  |c Romana Olexová 
520 |a E-marketing, jeho charakteristika. Výhody a nevýhody e-marketingu pre poskytovateľa aj spotrebiteľa. Využívanie prvkov e-marketingu ako komplementárneho nástroja propagácie a marketingovej komunikácie služieb v klasických (nevirtuálnych) kampaniach, ako aj povýšenie e-marketingu na dominantnú formu propagácie a marketingovej komunikácie. 
610 2 0 |a marketing 
610 2 0 |a propagácia 
610 2 0 |a kampane reklamné 
610 2 0 |a technológie komunikačné 
610 2 0 |a služby 
610 2 0 |a komunikácia marketingová 
610 2 0 |a pojmy 
100 1 |a Olexová, Romana, 1987-